[Event "FIDE-Wch"]
[Site "San Luis"]
[Date "2005.10.05"]
[Round "7"]
[White "Leko, Peter"]
[Black "Adams, Michael"]
[Result "1-0"]
[WhiteElo "2763"]
[BlackElo "2719"]
[Annotator "Huzman,A"]
[PlyCount "78"]
[EventDate "2005.09.28"]
[EventType "tourn"]
[EventRounds "14"]
[EventCountry "ARG"]
[EventCategory "20"]
[SourceTitle "CBM 110"]
[Source "ChessBase"]
[SourceDate "2006.01.31"]
[SourceVersion "1"]
[SourceVersionDate "2006.01.31"]
[SourceQuality "1"]

1. e4 e5 2. Nf3 Nf6 3. Nxe5 d6 4. Nf3 Nxe4 5. d4 d5 6. Bd3 Nc6 7. O-O Be7 8. c4
Nb4 9. Be2 O-O 10. a3 Nc6 11. cxd5 Qxd5 12. Nc3 Nxc3 13. bxc3 Na5 14. Ne5 Bf5 (
14... Qb3 15. Qd3 Qd5 16. Bf3 Qd6 17. Bf4 $16 {1-0 Susilodonata,A-Lintchevski,
D/Oropesa del Mar 2000/EXT 2001 (33)}) (14... Bf6 15. Bf3 Qd8 16. Qa4 c6 17.
Bf4 Be6 18. Rab1 b5 19. Qd1 Bxe5 20. Bxe5 Bd5 21. Re1 Re8 22. Bxd5 Qxd5 23. Qg4
g6 24. Qh4 $36 {1-0 Matras,A-Hernandez,Y/Warsaw 2001/CBM 82 ext (60)}) (14...
c5 15. Rb1 (15. Be3 cxd4 16. cxd4 Bf5 17. Qa4 Rac8 18. Bf3 Qd8 19. Rfc1 Rxc1+
20. Rxc1 b6 21. d5 Bd6 22. Nc6 Nxc6 23. dxc6 Qe7 $11 {1-0 Boukal,P-Stefanik,O/
corr 1985/corr (39)}) 15... Bf5 16. Rb5 b6 17. Re1 Rad8 18. Bf3 Qd6 19. Qe2
cxd4 20. cxd4 Rc8 21. Bd5 (21. Bd2 $5) 21... Be6 22. Be4 Nb3 $15 {1/2-1/2 Xu
Yuhua-Koneru,H/Hyderabad 2002/CBM 90 ext (44)}) 15. c4 Qd6 $2 {Black only lost
a tempo by this move.} ({Assesment of this line depends on the move} 15... Qd8
$5 16. c5 (16. Bf3 c5 17. Be3 cxd4 18. Bxd4 Qc7 19. Bd5 Rad8 20. Qf3 Be6 $11) (
16. Be3 c5 17. d5 Bd6 $11) 16... Bf6 (16... Be6 17. Be3 f6 18. Nd3 Bf7 (18...
Nc4 19. Qb3 $16) 19. Nf4 Qd7 20. Qc2 $16 {[%csl Ra5]}) 17. Qa4 Bxe5 18. dxe5
Nc6 19. Bf3 Qe7 $14) 16. c5 Qd5 (16... Qe6 17. Bf4 (17. Qa4 f6 18. Nf3 Qxe2 19.
Re1 Qc4 20. Qxa5 Bd8 21. c6 Bc8 $13) 17... Rad8 18. Qa4 b6 19. Rfe1 $16) 17.
Bf3 Be4 (17... Qd8 18. Re1 f6 19. Ng4 $16) 18. Bxe4 Qxe4 19. Bd2 $1 Nc6 (19...
b6 20. Bxa5 bxa5 21. Re1 Qd5 22. Qa4 Bf6 23. Nd7 $16) 20. Re1 Qh4 21. Nf3 Qh5
22. Rb1 Bf6 (22... Rab8 23. Bf4 $18) 23. Rxb7 Nxd4 (23... Rac8 24. Bf4 Qd5 25.
Rxc7 Nxd4 26. Nxd4 Qxd4 27. Rxc8 (27. Qxd4 Bxd4 28. c6 g5 29. Rxc8 Rxc8 30. Be5
Bxe5 31. Rxe5 Rxc6 32. Rxg5+ $16) 27... Rxc8 28. Bd6 $18) 24. Nxd4 Qxd1 25.
Rxd1 Bxd4 26. Be3 $1 {White wins a pawn now and it is enough for the victory.}
Bxe3 27. fxe3 c6 28. Rd6 Rae8 (28... Rfc8 29. Rdd7 Rf8 30. Rdc7 $18) 29. Kf2
Re5 30. Rxc6 Rfe8 31. Rcc7 Rxe3 32. Rxf7 Re2+ 33. Kg3 R8e3+ 34. Rf3 Rxf3+ 35.
Kxf3 Rc2 36. Rc7 $18 h5 37. c6 Kh7 38. h3 Kh6 39. Ke4 Kg6 (39... Kg6 40. Kd5
Rd2+ 41. Ke6 Rc2 42. Kd7 Rd2+ 43. Kc8 Rc2 44. Kb7 $18) (39... Rxg2 40. Rxa7 Rc2
41. Kd5 g5 42. c7 g4 43. Ra6+ Kg5 44. Rc6 $18) 1-0

[Event "Dortmund m1"]
[Site "Dortmund"]
[Date "2002.07.18"]
[Round "5"]
[White "Naiditsch, Arkadij"]
[Black "Timman, Jan H"]
[Result "1/2-1/2"]
[WhiteElo "2581"]
[BlackElo "2623"]
[Annotator "Huzman,A"]
[PlyCount "58"]
[EventDate "2002.07.13"]
[EventType "match"]
[EventRounds "8"]
[EventCountry "GER"]
[SourceTitle "CBM 091"]
[Source "ChessBase"]
[SourceDate "2002.11.12"]
[SourceVersion "1"]
[SourceVersionDate "2002.11.12"]
[SourceQuality "1"]

1. e4 e5 2. Nf3 Nf6 3. Nxe5 d6 4. Nf3 Nxe4 5. d4 d5 6. Bd3 Bd6 7. O-O O-O 8.
Re1 Bf5 9. c4 c6 10. Qc2 Bg6 11. c5 Bc7 12. Nc3 f5 13. Ne2 Nd7 14. Bf4 Bh5 15.
Qc1 (15. Bxc7 Qxc7 16. Nd2 Rae8 (16... Bxe2 17. Rxe2 Rae8 18. Nb3 g6 19. Rae1
Kf7 20. Qc1 Nef6 21. Nd2 Rxe2 22. Bxe2 Re8 23. Nf3 Kg7 24. b4 $14 {1-0 Brodsky,
M-Maksimenko,A/Copenhagen 1994/EXT 99 (54)}) 17. f3 Nxd2 18. Qxd2 f4 19. Nc3 g5
20. g4 (20. Rxe8 Rxe8 21. Re1 {1/2-1/2 Finkelstein,J-Felber,R/ICCF Email 2001 
(21)}) 20... Bg6 21. Bxg6 hxg6 22. Re2 Rxe2 23. Qxe2 Nf6 24. Qd3 Qg7 25. Re1
Re8 26. Re2 Kf7 27. Qd2 Qh8 28. Rxe8 Nxe8 {1/2-1/2 Topalov,V-Leko,P/Monaco MNC
2001/(28)}) 15... Bxf4 (15... Bxf3 16. Bxc7 Qxc7 17. gxf3 Nxf2 (17... Nef6 18.
Nf4 $16) 18. Kxf2 Qxh2+ 19. Ke3 Rae8+ 20. Kd2 $16) 16. Qxf4 g5 $1 17. Qc1 Kh8
18. b4 (18. Bxe4 fxe4 19. Nxg5 Qf6 20. Qe3 Bg4 $44 {[%cal Yh7h6]}) 18... Qf6
19. Qb2 (19. Ne5 Nxe5 20. dxe5 Qxe5 21. f3 f4 (21... Rae8 $5) 22. fxe4 dxe4 $44
) 19... Bxf3 20. gxf3 g4 $1 21. fxe4 fxe4 22. Bxe4 Qxf2+ 23. Kh1 dxe4 24. d5+
Kg8 (24... Qf6 25. Qxf6+ Nxf6 26. dxc6 bxc6 27. Nd4 Rac8 28. Rf1 $44) 25. dxc6
Qf3+ (25... bxc6 26. Qb3+ Kh8 27. Qc3+ Nf6 (27... Qf6 28. Rad1 Ne5 29. Ng3 $11)
28. Rf1 Qxe2 29. Rxf6 Kg8 30. Rg1 $44) 26. Kg1 Qf2+ 27. Kh1 Qf3+ 28. Kg1 Qe3+
29. Kh1 Qf3+ 1/2-1/2

[Event "Candidates Tournament Gp2"]
[Site "Dortmund"]
[Date "2002.07.10"]
[Round "5"]
[White "Adams, Michael"]
[Black "Morozevich, Alexander"]
[Result "1/2-1/2"]
[WhiteElo "2752"]
[BlackElo "2716"]
[Annotator "Huzman,A"]
[PlyCount "92"]
[EventDate "2002.07.06"]
[EventType "tourn"]
[EventRounds "6"]
[EventCountry "GER"]
[EventCategory "20"]
[SourceTitle "CBM 090"]
[Source "ChessBase"]
[SourceDate "2002.09.20"]
[SourceVersion "1"]
[SourceVersionDate "2002.09.20"]
[SourceQuality "1"]

1. e4 e5 2. Nf3 Nf6 3. Nxe5 d6 4. Nf3 Nxe4 5. d4 d5 6. Bd3 Bd6 7. O-O O-O 8. c4
c6 9. Re1 Bf5 10. Nc3 Nxc3 11. bxc3 Bxd3 12. Qxd3 dxc4 13. Qxc4 Nd7 14. Qb3 Qc7
15. c4 Rfe8 (15... b6 16. Bb2 Rfe8 17. g3 Nf6 18. Qd3 Qd7 19. d5 cxd5 20. cxd5
Rxe1+ 21. Rxe1 Be7 22. Bxf6 Bxf6 23. d6 Rd8 24. Qd5 h6 25. Rd1 Qa4 26. d7 $16 {
1/2-1/2 Timman,J-Comp Kallisto/The Hague 1997/EXT 98 (51)}) 16. Bb2 h6 (16...
b6 17. Qc2 Bb4 18. Rxe8+ Rxe8 19. c5 Nf6 20. a3 Ba5 21. cxb6 Bxb6 22. Rc1 Rc8
23. Ne5 c5 24. dxc5 Qxc5 25. Qd2 Qf8 26. Nc6 Re8 27. Bxf6 gxf6 $16 {1-0
Polovnikova,E-Gagloshvili,R/Protvino 2001/EXT 2002 (48)}) 17. g3 Rad8 (17...
Qb6 18. Qc2 Qa5 19. Bc3 Qh5 20. Nh4 b5 21. Qf5 Qxf5 22. Nxf5 Bf8 23. d5 bxc4
24. dxc6 Nb6 25. Rxe8 Rxe8 26. Rd1 Rc8 $4 (26... g6 $11) 27. Bxg7 $1 Bxg7 28.
Ne7+ Kh7 29. Nxc8 $18 {1-0 Timman,J-Akopian,V/Groningen 1996/CBM 57/[Blatny,P]
(41)}) 18. Nh4 Bf8 19. Qc2 (19. Rad1 Qa5 20. Rxe8 Rxe8 21. Qxb7 (21. Bc3 Qa6
$11) 21... Nb6 22. c5 Qa4 $44) 19... Qa5 20. Ng2 Rxe1+ 21. Rxe1 b5 $1 $36 22.
Bc3 (22. cxb5 $2 cxb5 23. Qb3 Nb6 $15) 22... b4 23. Ba1 Nb6 24. Qb3 c5 25. d5
Qa6 26. Ne3 Re8 27. Rc1 Qc8 $1 {[%cal Ya7a5]} 28. a3 a5 $15 29. axb4 axb4 30.
Kg2 h5 31. h4 Qd7 32. Bb2 Qa4 33. Qd3 Qa2 34. Qc2 (34. Rc2 Qb1 35. Rd2 Qxd3 36.
Rxd3 Bd6 37. Kf3 g6 $15 {[%cal Yf7f5]}) 34... Na4 35. Ra1 (35. Ba1 Qxc2 36.
Rxc2 b3 37. Rd2 Rb8 38. Nd1 (38. Bb2 g6 $17) 38... Bd6 $17 {[%csl Rc4][%cal
Yb8b4]}) 35... Qxb2 36. Rxa4 (36. Qxa4 $4 Rxe3 37. Ra2 Ra3 $19) 36... Qxc2 37.
Nxc2 b3 38. Na3 b2 39. Kf1 $8 (39. Ra7 $2 Re1 40. Rb7 Ra1 $19) 39... g6 40. Ra5
Bg7 41. Nb1 Bd4 $17 42. Ra6 Kg7 43. Ra7 Re4 (43... Rb8 $5 44. Ke2 Rb4 $19) 44.
Rb7 Re8 45. Ra7 Bf6 $2 (45... Rb8 46. Ra4 Rb3 {[%cal Yb3f3,Yf3f2]} 47. Ke2 Rc3
$1 $19 {[%cal Yc3c1]}) 46. Ra5 Bd4 {Draw was agreed because of three times
moves repetition after 47.Ra7.} 1/2-1/2

[Event "Candidates Tournament Gp2"]
[Site "Dortmund"]
[Date "2002.07.08"]
[Round "3"]
[White "Leko, Peter"]
[Black "Morozevich, Alexander"]
[Result "1/2-1/2"]
[WhiteElo "2717"]
[BlackElo "2716"]
[Annotator "Huzman,A"]
[PlyCount "82"]
[EventDate "2002.07.06"]
[EventType "tourn"]
[EventRounds "6"]
[EventCountry "GER"]
[EventCategory "20"]
[SourceTitle "CBM 090"]
[Source "ChessBase"]
[SourceDate "2002.09.20"]
[SourceVersion "1"]
[SourceVersionDate "2002.09.20"]
[SourceQuality "1"]

1. e4 e5 2. Nf3 Nf6 3. Nxe5 d6 4. Nf3 Nxe4 5. d4 d5 6. Bd3 Bd6 7. O-O O-O 8. c4
c6 9. Qc2 Na6 10. a3 f5 11. Nc3 Nc7 12. b4 Bd7 (12... Nxc3 13. Qxc3 dxc4 14.
Bxc4+ Nd5 15. Qb3 Kh8 16. Bg5 Be7 17. Bxe7 Nxe7 18. Ne5 Nd5 19. Bxd5 cxd5 20.
Rfe1 $16 {1-0 Gaprindashvili,N-Sternina,V/Tbilisi 1973/EXT 2001 (53)}) (12...
Kh8 13. c5 Be7 14. Bf4 Ne6 15. Be5 Bf6 16. Rfd1 Bd7 17. Rab1 Be8 18. Be2 Bh5
19. Na4 Qe8 20. b5 Bxe5 21. dxe5 Nf4 $17 {0-1 Wang Yu-Nguyen Thi Thanh An/
Chennai 2001/CBM 84 ext (46)}) 13. Bb2 {/\14.Ne2,15.Ne5} Ng5 ({Probably it was
better} 13... Nxc3 14. Qxc3 dxc4 15. Bxc4+ Nd5 {and Bb2 is placed worse than
in the game Gaprindashvili-Sternina. But still the position of White looks
better due to the penetration Nf3 to e5.}) 14. Ne5 Bxe5 (14... dxc4 $5 15.
Bxc4+ Be6 $14) 15. dxe5 f4 {[%cal Yf4f3]} 16. f3 Kh8 17. Rfd1 Qe8 18. Rac1 (18.
cxd5 $1 $16 {Leko} cxd5 19. h4 Nf7 (19... d4 20. hxg5 dxc3 21. Qxc3 Bc6 22. e6
$18) 20. Bxh7 $16) 18... dxc4 $8 19. Bxc4 a5 $132 (19... Be6 20. Bxe6 Ncxe6 21.
Ne4 Nxe4 22. Qxe4 $16 {[%cal Gd1d6]}) 20. Qf2 $2 (20. bxa5 $5 Be6 $1 (20...
Rxa5 21. Qd2 Be6 22. Ne4 $16) 21. Bxe6 Ncxe6 22. Qa4 (22. Ne4 $142 Nxe4 23.
Qxe4 Rxa5 24. Rd6 $36) 22... Qg6 23. Kh1 Qh5 24. Rd2 $16) 20... axb4 21. axb4
Be6 $11 22. Bxe6 (22. Bd3 Nd5 23. Nxd5 Bxd5 $11) 22... Ncxe6 23. Qb6 Qh5 $1 24.
Rd6 (24. Qxb7 Nxf3+ 25. gxf3 Ng5 $40) 24... Nxf3+ 25. gxf3 Ng5 $44 26. Rf1
Nxf3+ 27. Rxf3 Qxf3 28. Qf2 $8 (28. Qxb7 Qg4+ 29. Kf1 f3 30. Rd2 f2 $19) 28...
Qh5 (28... Qg4+ 29. Qg2 Qf5 30. Nd1 (30. e6 Rf6 $1) 30... f3 31. Qg3 Ra2 32.
Rd2 $132 {[%cal Ge5e6]}) 29. Ne4 Ra2 30. Rd2 Qf5 31. Qf3 $13 h6 32. h3 Rxb2 $5
33. Rxb2 Qxe5 34. Rb1 Re8 35. Nf2 $1 Qf5 {[%cal Ye8e3]} 36. Rb3 $1 Qc2 37. Kg2
Re2 38. Ra3 Qg6+ 39. Qg4 (39. Kf1 $1 Rb2 (39... Re3 40. Rxe3 (40. Ra8+ Kh7 41.
Qxf4 Qb1+ 42. Kg2 Qg6+ 43. Qg4 Qxg4+ 44. hxg4 Rb3 $14) 40... fxe3 41. Qxe3 Qd6
42. Nd3 $16) (39... Re6 40. Qxf4 Rf6 41. Qd2 $16) 40. Qxf4 Qb1+ 41. Kg2 Rxb4
42. Qf8+ Kh7 43. Rg3 $1 Qb2 44. Qf5+ Kh8 45. Re3 $18) 39... Qxg4+ 40. hxg4 Rb2
$14 41. Kf3 Rxb4 (41... Rxb4 42. Nd3 Rb1 43. Nxf4 Kh7 $14 {/=}) 1/2-1/2

[Event "Montreal 6th"]
[Site "Montreal"]
[Date "2005.08.10"]
[Round "7"]
[White "Charbonneau, Pascal"]
[Black "Bluvshtein, Mark"]
[Result "0-1"]
[WhiteElo "2509"]
[BlackElo "2525"]
[Annotator "Huzman,A"]
[PlyCount "116"]
[EventDate "2005.08.03"]
[EventType "tourn"]
[EventRounds "11"]
[EventCountry "CAN"]
[EventCategory "12"]
[SourceTitle "CBM 109"]
[Source "ChessBase"]
[SourceDate "2005.11.14"]
[SourceVersion "1"]
[SourceVersionDate "2005.11.14"]
[SourceQuality "1"]

1. e4 e5 2. Nf3 Nf6 3. Nxe5 d6 4. Nf3 Nxe4 5. d4 d5 6. Bd3 Bd6 7. O-O O-O 8. c4
c6 9. Qc2 Na6 10. a3 f5 11. b4 Nc7 12. Bb2 Ne6 {Black solved his opening
problems after the Na6 transfered to e6. His initiative on the king's side can
be very dangerous.} (12... Kh8 13. Nc3 Nxc3 14. Qxc3 dxc4 15. Bxc4 Nd5 16. Bxd5
cxd5 17. Rfe1 a5 18. Qb3 axb4 19. axb4 Rxa1 20. Bxa1 Re8 21. Rxe8+ Qxe8 22.
Qxd5 Qe4 23. Qxe4 fxe4 24. Ng5 Bxb4 25. Nxe4 Bf5 26. f3 $16 {1-0 Ganguly,
S-Singh,S/Calicut IND 2003/(44)}) 13. Re1 Qf6 14. Nc3 Qh6 15. h3 N4g5 (15...
Nf4 $5 16. Bf1 (16. Bc1 Ng5 17. Nxg5 Qxg5 18. g3 Nxh3+ 19. Kg2 f4 20. Bxh7+ Kh8
$40) 16... Qg6 17. Kh1 Qh5 $36) 16. Nxg5 Qxg5 17. Bf1 (17. Ne2 Nf4 18. Nxf4
Qxf4 19. g3 Qh6 $17) 17... Nf4 (17... Nxd4 18. Qd1 Qf4 19. g3 $16) 18. Re3 (18.
Kh1 $5 dxc4 19. Bc1 Qf6 20. Bxf4 Bxf4 21. Bxc4+ Kh8 22. Rad1 $11) 18... Kh8 19.
c5 Bc7 20. Rae1 Ng6 {[%cal Yf5f4]} 21. Re8 Bd7 22. Rxa8 Rxa8 23. Nb1 f4 24. Qb3
(24. Nd2 Bxh3 25. Nf3 Qf5 26. Bd3 Qg4 27. Bf1 Qh5 28. gxh3 Qxf3 29. Qf5 Rf8 30.
Qd7 Bd8 31. Bg2 Qh5 32. Re8 $132) 24... Nh4 25. Nd2 Re8 26. Rxe8+ Bxe8 27. Nf3
Nxf3+ 28. Qxf3 {White neutralizes the initiative of Black by exchanges.} Bh5
29. Qc3 f3 30. Bc1 Qg6 31. g3 $2 {[%mdl 8192]} ({After} 31. Qe3 fxg2 32. Bxg2
Qf6 $15 {Black has only a minimal advantage.}) 31... Bxg3 {[%mdl 64]} 32. Qd3 (
32. fxg3 Qxg3+ 33. Kh1 Bg6 $19 {[%cal Yg6e4]}) 32... Bc7+ 33. Qxg6 Bxg6 $19 34.
b5 cxb5 35. Bxb5 Bf5 36. h4 Kg8 37. Bd2 Kf7 38. a4 Ke6 39. a5 a6 40. Ba4 Bg6
41. c6 Be8 $1 42. Bd1 Bxc6 43. Bxf3 b6 $1 {[%mdl 4096] Black has transformed
his advantage. The passed pawn a6 will decide the game now.} 44. axb6 Bxb6 {
[%cal Ya6a1]} 45. Bc3 a5 46. Be2 a4 47. Bd3 h6 48. Kg2 a3 49. Kg3 Ba4 50. Kg4
Bd1+ 51. f3 Bc7 52. h5 a2 53. Bh7 Ba5 54. Bb2 Bd2 55. Bg8+ Kd6 56. Bf7 Kc6 57.
Be8+ Kb6 58. Bf7 Bb3 {[%cal Yb6b4,Yd2c3]} 0-1

[Event "EU-Cup 18th"]
[Site "Kallithea"]
[Date "2002.09.23"]
[Round "2.2"]
[White "Efimenko, Zahar"]
[Black "Motylev, Alexander"]
[Result "1/2-1/2"]
[WhiteElo "2557"]
[BlackElo "2634"]
[Annotator "Huzman,A"]
[PlyCount "48"]
[EventDate "2002.09.22"]
[EventType "team-swiss"]
[EventRounds "7"]
[EventCountry "GRE"]
[SourceTitle "CBM 092"]
[Source "ChessBase"]
[SourceDate "2003.02.06"]
[SourceVersion "1"]
[SourceVersionDate "2003.02.06"]
[SourceQuality "1"]
[WhiteTeam "Momot Alexander"]
[BlackTeam "Tomsk 400"]
[WhiteTeamCountry "UKR"]
[BlackTeamCountry "RUS"]

1. e4 e5 2. Nf3 Nf6 3. Nxe5 d6 4. Nf3 Nxe4 5. Nc3 Nxc3 6. dxc3 Nc6 7. Bf4 Be7
8. Qd2 Bg4 9. Be2 Qd7 10. O-O-O (10. h3 Bh5 (10... Be6 11. Nd4 Nxd4 12. cxd4 d5
$11 {0-1 Okhotnik,V-Rozentalis,E/Uzhgorod 1988/TD (40)}) (10... Bf5 11. O-O-O
a6 12. g4 Bg6 13. Rhe1 O-O-O 14. Qd5 Bf6 15. g5 Be7 16. Nd4 Nxd4 17. Rxd4 c6
18. Qa5 c5 19. Bg4 Bf5 20. Bxf5 Qxf5 21. Rxe7 {1-0 Velimirovic,D-Nikcevic,N/
Herceg Novi 2001/CBM 84 ext (21)}) 11. O-O-O O-O-O (11... Bg6 12. Rhe1 a6 13.
Nh4 O-O-O 14. Nxg6 hxg6 15. Bf3 Rde8 16. c4 $14 {1-0 Predojevic,B-Le Kieu
Thien Kim/Budapest HUN 2002/(53)}) 12. Rhe1 a6 (12... Rhe8 13. g4 Bg6 14. Bb5
a6 15. Ba4 b5 16. Bb3 Na5 17. c4 (17. Bd5 c6 18. Be4 Nc4 19. Qd3 Bxe4 20. Rxe4
d5 21. Re2 Bd6 22. Bxd6 Rxe2 23. Qxe2 Nxd6 24. Qe3 Re8 25. Qb6 Qb7 26. Qd4 {
1/2-1/2 Schmid,L-Alexander,C/Dublin 1957/MCD (26)}) 17... Nxb3+ 18. axb3 Qc6
19. Nd4 Qb7 20. cxb5 axb5 21. Qa5 $16 {1-0 Boricsev,O-Raetsky,A/Fribourg 2000/
EXT 2001 (48)}) 13. Qd5 Bg6 14. Nd4 Nxd4 15. Qxd4 Kb8 16. Bg4 f5 17. Bf3 Bf6
18. Qb4 Qb5 19. Qxb5 axb5 20. Rd5 Rde8 21. Rxe8+ Bxe8 22. Rxf5 $16 {1-0 Foltys,
J-Shapira,L/Szcawno Zdroj 1950/MCD (34)}) 10... O-O-O (10... a6 11. Rhe1 (11.
h3 Be6 12. Kb1 Bf6 13. Rhe1 h6 14. Bc4 O-O-O 15. Bxe6 fxe6 16. Re4 e5 $15 {
0-1 Wallace,I-Engedal,K/Hallsberg 1993/EXT 2002 (33)}) 11... O-O 12. h3 Bf5 13.
g4 Bg6 14. Bd3 {1/2-1/2 Bengtsson,B-Andersson,J/Sweden 1998/EXT 2000 (14)}) 11.
h3 Be6 (11... Bxf3 12. Bxf3 Kb8 13. Rhe1 Rde8 14. Qd5 Rhf8 15. Re4 Qc8 16. Ra4
Bf6 17. Qb5 Ne5 18. Qa5 a6 19. Bxb7 Qxb7 20. Rb4 $18 {1-0 Dworakowska,
J-Zielinska,J/Lubniewice 1995/EXT 97 (39)}) 12. Bb5 (12. Ng5 Bxg5 13. Bxg5 f6
14. Be3 h5 15. c4 Ne5 16. b3 g5 17. Bxa7 Qc6 18. c5 Qxg2 19. Qe3 dxc5 20. Bxc5
Bf5 21. Be7 $2 Rde8 22. Bxf6 Qc6 23. Qd2 Qxf6 $19 {0-1 Santo Roman,M-Miralles,
G/Lyon 1988/CBM 07 (61)}) (12. Rhe1 a6 13. Ng5 Bxg5 14. Bxg5 f6 15. Be3 Ne5 16.
b3 g5 17. f4 gxf4 18. Bxf4 h5 19. Bf1 $14 {1-0 Tseshkovsky,V-Makarichev,S/
Tbilisi 1973/MCD (40)}) 12... a6 13. Ba4 Bf6 14. Bg5 (14. Nd4 Bxd4 15. cxd4
Bxa2 $5 16. d5 b5 $17) 14... Bxg5 15. Nxg5 (15. Qxg5 $5 f6 (15... Bxa2 $5 16.
b3 b5 17. Bxb5 axb5 18. Qxb5 Nb8 19. Qa5 Bxb3 20. cxb3 Rhe8 $13) 16. Bxc6 Qxc6
17. Qxg7 Bxa2 18. Qxf6 Rdf8 19. Qd4 Rhg8 $44) 15... b5 16. Bb3 (16. Nxe6 fxe6
17. Bb3 Na5 $11) 16... Bxb3 17. cxb3 h6 18. Nf3 Qf5 $11 19. Rhe1 Rhe8 20. c4
Qc5 21. Qf4 Rxe1 22. Nxe1 (22. Rxe1 d5 $36) 22... bxc4 23. Qxc4 Qxc4+ 24. bxc4
Re8 1/2-1/2

[Event "ARG-ch 72nd"]
[Site "Pinamar"]
[Date "2002.03.15"]
[Round "7"]
[White "Rosito, Jorge"]
[Black "Pierrot, Juan Facundo"]
[Result "0-1"]
[WhiteElo "2424"]
[BlackElo "2430"]
[Annotator "Huzman,A"]
[PlyCount "76"]
[EventDate "2002.03.11"]
[EventType "tourn"]
[EventRounds "13"]
[EventCountry "ARG"]
[EventCategory "9"]
[SourceTitle "CBM 088"]
[Source "ChessBase"]
[SourceDate "2002.03.21"]
[SourceVersion "1"]
[SourceVersionDate "2002.03.21"]
[SourceQuality "1"]

1. e4 e5 2. Nf3 Nf6 3. Nxe5 d6 4. Nf3 Nxe4 5. d4 d5 6. Bd3 Be7 7. O-O Nc6 8. c4
Nb4 9. Be2 O-O 10. Nc3 Be6 11. Ne5 f6 12. Nf3 Kh8 13. a3 Nxc3 14. bxc3 Nc6 15.
Nd2 (15. cxd5 Bxd5 16. Be3 (16. Bd3 f5 17. Re1 Qd7 18. Bf4 Rae8 19. Bb5 Bd6 20.
Rxe8 Rxe8 21. Bxd6 Qxd6 22. Ne5 {1/2-1/2 Aarthie,R-Goodger,M/York ENG 2000/(22)
}) 16... Na5 17. Qa4 c6 18. Nd2 Bd6 19. c4 Nxc4 20. Bxc4 {1/2-1/2 Averjanov,
A-Smirnov,I/UKR t-ch Alushta 2001/UKR (20)}) 15... Na5 (15... f5 16. Re1 Bf6
17. Bf3 (17. a4 Bg8 18. c5 $5 Re8 19. Nf3 h6 20. Rb1 Rb8 21. Bd3 $1 $16 {
1-0 Leko,P-Grischuk,A/Wijk aan Zee-A 2002/(47)}) 17... Bg8 18. cxd5 Bxd5 19.
Nb3 b6 20. Bf4 Ne7 (20... Re8 21. Be5 Qd7 22. Bxf6 gxf6 23. Nc1 Re6 24. Rxe6
Qxe6 25. Nd3 Re8 26. h3 {1/2-1/2 Galkin,A-Motylev,A/Dubai UAE 2001/(26)}) 21.
Be5 c6 22. Bxf6 Rxf6 23. Nc1 Ng6 24. Nd3 h6 25. Ne5 Nh4 26. Bxd5 Qxd5 27. f3 c5
28. dxc5 {1/2-1/2 Leko,P-Kramnik,V/Dortmund GER 2000 (28)}) 16. cxd5 Bxd5 17.
Bd3 Bg8 $5 {[%cal Yc7c5]} 18. Re1 c5 19. Bb2 $6 {[%csl Rb2]} (19. Qg4 $1 Nc6
20. Nf3 $36) 19... Nc6 20. Qg4 $2 (20. Qh5 $142 cxd4 21. cxd4 Qd5 22. Qh3 $13)
20... Ne5 $1 21. Qg3 $2 (21. dxe5 Qxd3 22. exf6 Bxf6 23. Ne4 Rae8 24. Nxf6
Rxe1+ 25. Rxe1 Rxf6 26. h3 $15) 21... Nxd3 22. Qxd3 Re8 $17 23. Rad1 $6 (23.
Re2 Qd7 (23... Qb6 24. Rae1 $11) 24. Rae1 Bf8 $17) 23... Qb6 24. Bc1 Rad8 25.
Nf3 Qb3 {[%csl Ra3,Rc3]} 26. h4 Bf7 27. Re3 c4 $19 28. Qe2 Bxa3 29. Bxa3 Qxa3
30. Re1 Rxe3 31. Qxe3 Qd6 32. Nd2 (32. Qe7 Qxe7 33. Rxe7 Bd5 $19) 32... a5 33.
Rb1 Bd5 34. h5 h6 35. f3 a4 36. Rb4 Qa6 37. Qe7 Ra8 38. Ne4 a3 0-1

[Event "EU-Cup 18th"]
[Site "Kallithea"]
[Date "2002.09.26"]
[Round "5.2"]
[White "Akopian, Vladimir Eduardovic"]
[Black "Motylev, Alexander"]
[Result "1/2-1/2"]
[WhiteElo "2678"]
[BlackElo "2634"]
[Annotator "Huzman,A"]
[PlyCount "43"]
[EventDate "2002.09.22"]
[EventType "team-swiss"]
[EventRounds "7"]
[EventCountry "GRE"]
[SourceTitle "CBM 092"]
[Source "ChessBase"]
[SourceDate "2003.02.06"]
[SourceVersion "1"]
[SourceVersionDate "2003.02.06"]
[SourceQuality "1"]
[WhiteTeam "Kazan Ladya"]
[BlackTeam "Tomsk 400"]
[WhiteTeamCountry "RUS"]
[BlackTeamCountry "RUS"]

1. e4 e5 2. Nf3 Nf6 3. Nxe5 d6 4. Nf3 Nxe4 5. Nc3 Nxc3 6. dxc3 Be7 7. Bf4 Nd7
8. Qd2 Nc5 9. O-O-O O-O 10. Be3 Re8 11. Bc4 (11. h4 Bg4 12. Be2 Qc8 13. Kb1 Ne4
14. Qe1 Bf6 15. h5 Qe6 16. h6 Nxf2 17. Qxf2 Qxe3 $17 {0-1 Short,N-Karpov,A/
Moscow 2002/CBM 91_01 (53)}) (11. Kb1 Bf6 12. Nd4 Ne4 13. Qc1 c5 14. Nb3 Qe7
15. Bb5 Rd8 16. f3 Ng5 17. Rhe1 Ne6 18. Bc4 Qc7 19. Bd5 a5 20. Nd2 a4 21. Ne4
Be7 22. f4 $36 {1/2-1/2 Dworakowska,J-Meenakshi,S/Hyderabad IND 2002/(51)})
11... Be6 12. Bxe6 Nxe6 13. h4 Qd7 (13... Nc5 14. Ng5 Bf6 15. Qd5 Bxg5 16. hxg5
Rxe3 17. fxe3 Qe7 18. Rh3 Qe4 19. Qd4 Re8 20. Rdh1 Re5 21. Rxh7 Qxh7 22. Rxh7
Kxh7 23. b4 Ne6 24. Qxa7 $18 {1-0 Bednarski,J-Hess,C/Hamburg 1983/MCD (28)})
14. Kb1 (14. Qd5 c6 (14... Qc6 15. Qf5 $36) 15. Qf5 Nf8 $11) 14... Qb5 {
this strong Q-manoeuvre helps Black to equalize the game immediately.} 15. g4
Qc4 16. Rdg1 (16. g5 Qe4 (16... Nc5 17. h5 Ne4 18. Qd3 $14) 17. Nd4 Nxd4 18.
Bxd4 Qf5 $11) 16... Nc5 17. g5 Ne4 18. Qd3 d5 $1 19. Qxc4 dxc4 20. Rg4 f5 $1
21. gxf6 Bxf6 22. h5 1/2-1/2